[Event "April Lviv Tradition (IM B-group)"]
[Site "Lviv"]
[Date "2016.04.28"]
[Round "6.5"]
[White "Wisniewski, Michal"]
[Black "Frolov, Artur"]
[Result "1/2-1/2"]
[WhiteElo "2236"]
[BlackElo "2458"]
[PlyCount "65"]
[EventDate "2016.04.25"]

1. e4 c5 2. Nf3 e6 3. g3 b6 4. d4 cxd4 5. Nxd4 Bb7 6. Bg2 Nf6 7. Qe2 Bc5 8. Nb3
Be7 9. O-O d6 10. Rd1 Qc7 11. c4 Nbd7 12. Nc3 a6 13. Be3 O-O 14. a4 Ne5 15. Nd2
Rac8 16. b3 Rfe8 17. Rdc1 Qb8 18. h3 Ned7 19. Rab1 Qa8 20. Rd1 Bf8 21. a5 b5
22. Rbc1 bxc4 23. Nxc4 Nxe4 24. Na4 Qb8 25. Nab6 Nxb6 26. axb6 Nc5 27. b4 Bxg2
28. bxc5 Bd5 29. Nxd6 Bxd6 30. cxd6 Qxd6 31. Rxc8 Rxc8 32. Qxa6 Qc6 33. Kh2 $11
1/2-1/2

[Event "April Lviv Tradition (IM B-group)"]
[Site "Lviv"]
[Date "2016.04.29"]
[Round "7.4"]
[White "Osmak, Iulija"]
[Black "Wisniewski, Michal"]
[Result "1/2-1/2"]
[WhiteElo "2351"]
[BlackElo "2236"]
[PlyCount "118"]
[EventDate "2016.??.??"]

1. e4 c5 2. Nf3 d6 3. d4 cxd4 4. Nxd4 Nf6 5. Nc3 g6 6. Be2 Bg7 7. Be3 Nc6 8.
Qd2 O-O 9. O-O-O Ng4 10. Bxg4 Bxg4 11. f3 Bd7 12. Nxc6 bxc6 13. Bh6 Bxh6 14.
Qxh6 Qa5 15. Qe3 Qb6 16. Rhe1 Rfb8 17. b3 Qxe3+ 18. Rxe3 f6 19. f4 Bg4 20. Rd2
Rd8 21. e5 dxe5 22. Rxd8+ Rxd8 23. fxe5 Kf7 24. exf6 exf6 25. Re4 Be6 26. Ra4
Rd7 27. Ra6 Rc7 28. Kd2 h5 29. Ne2 Bd5 30. g3 g5 31. Ra4 Kg6 32. Rd4 Rd7 33. c4
Be6 34. Rxd7 Bxd7 35. Nd4 f5 36. Ke3 Kf6 37. b4 a6 38. a3 Ke5 39. Nf3+ Kf6 40.
h4 gxh4 41. gxh4 Be6 42. Kd4 f4 43. Ke4 Bxc4 44. Kxf4 Ke6 45. Nd2 Bd3 46. Ke3
Bb5 47. Ke4 Ba4 48. Nf1 Bc2+ 49. Kd4 Bd1 50. Kc5 Ke5 51. Kxc6 Kf4 52. Kb6 Be2
53. Nd2 Kg4 54. Ne4 Kxh4 55. Nf6 Kg5 56. Nxh5 Kxh5 57. a4 Kg5 58. b5 axb5 59.
axb5 Bxb5 $11 1/2-1/2

[Event "April Lviv Tradition (IM B-group)"]
[Site "Lviv"]
[Date "2016.04.29"]
[Round "7.3"]
[White "Rozycki, Bartlomiej"]
[Black "Vasina, Olena"]
[Result "1-0"]
[WhiteElo "2135"]
[BlackElo "2080"]
[PlyCount "25"]
[EventDate "2016.04.25"]

1. e4 c5 2. Nf3 e6 3. c3 Nf6 4. e5 Nd5 5. d4 cxd4 6. cxd4 b6 7. Nc3 Nxc3 8.
bxc3 Qc7 9. Qc2 Bb7 10. Bd3 d5 11. O-O Ba6 12. Bxa6 Nxa6 13. Qa4+ 1-0

[Event "April Lviv Tradition (IM B-group)"]
[Site "Lviv"]
[Date "2016.04.29"]
[Round "7.4"]
[White "Bogdanov, Egor"]
[Black "Sevostianov, Pavel"]
[Result "1/2-1/2"]
[WhiteElo "2302"]
[BlackElo "2267"]
[PlyCount "60"]
[EventDate "2016.04.25"]

1. e4 d6 2. d4 Nf6 3. Nc3 g6 4. Nf3 Bg7 5. Bc4 O-O 6. Bb3 Nc6 7. h3 e5 8. dxe5
Nxe5 9. Nxe5 dxe5 10. Bg5 c6 11. O-O Qc7 12. Qe2 h6 13. Be3 Nh5 14. Rad1 Nf4
15. Qf3 Ne6 16. Bxe6 Bxe6 17. Qe2 Kh7 18. Rd2 b6 19. Rfd1 Rfd8 20. Rxd8 Rxd8
21. Rxd8 Qxd8 22. Qd2 Qxd2 23. Bxd2 Bf8 24. Kf1 Kg7 25. Ke2 Bc4+ 26. Kf3 h5 27.
b3 Be6 28. g4 hxg4+ 29. hxg4 f6 30. a4 Kf7 1/2-1/2

[Event "April Lviv Tradition (IM B-group)"]
[Site "Lviv"]
[Date "2016.04.29"]
[Round "7.5"]
[White "Sliwicka, Alicja"]
[Black "Bunyatov, Rustam"]
[Result "1-0"]
[WhiteElo "2084"]
[BlackElo "2263"]
[PlyCount "81"]
[EventDate "2016.??.??"]

1. e4 c5 2. Nf3 a6 3. c4 d6 4. d4 cxd4 5. Nxd4 Nf6 6. Nc3 g6 7. Be2 Bg7 8. Be3
O-O 9. O-O Nc6 10. f3 Nxd4 11. Bxd4 Bd7 12. Qd2 Bc6 13. b4 Bd7 14. Rac1 Be6 15.
Be3 Rc8 16. Nd5 Nxd5 17. exd5 Bd7 18. Rfe1 Re8 19. Bf1 Bf6 20. Qf2 Qc7 21. Bb6
Qb8 22. g3 Kg7 23. Bg2 h5 24. Re2 Bf5 25. Bd4 Bxd4 26. Qxd4+ Kg8 27. g4 hxg4
28. fxg4 Bd7 29. Rc3 Qc7 30. Rh3 f6 31. Rc2 Kg7 32. Qe3 Rf8 33. Qxe7+ Rf7 34.
Rh7+ Kxh7 35. Qxf7+ Kh6 36. Be4 f5 37. Rg2 Be8 38. g5+ Kh5 39. Bf3+ Kh4 40. Qf6
Qb6+ 41. c5 1-0

[Event "April Lviv Tradition (IM B-group)"]
[Site "Lviv"]
[Date "2016.04.29"]
[Round "8.2"]
[White "Sevostianov, Pavel"]
[Black "Sliwicka, Alicja"]
[Result "1-0"]
[WhiteElo "2267"]
[BlackElo "2084"]
[PlyCount "117"]
[EventDate "2016.04.25"]

1. d4 Nf6 2. Nf3 g6 3. Bg5 Bg7 4. Nbd2 c5 5. dxc5 Qa5 6. c3 Qxc5 7. e4 d5 8.
Nb3 Qc6 9. Bxf6 Qxf6 10. Bb5+ Bd7 11. Bxd7+ Nxd7 12. Qxd5 Qa6 13. Qxd7+ Kxd7
14. Nc5+ Kc7 15. Nxa6+ bxa6 16. O-O-O Rab8 17. Kc2 Rb6 18. Rd3 Rhb8 19. b3 h6
20. Rhd1 Re6 21. Nd2 Rd8 22. Rxd8 Kxd8 23. Nc4+ Kc7 24. f3 h5 25. Rd5 f6 26.
Kd3 Bh6 27. g3 Rc6 28. f4 e6 29. Ra5 Bf8 30. b4 Kb7 31. f5 exf5 32. exf5 g5 33.
Rd5 Kc7 34. h3 Bh6 35. a4 Kc8 36. b5 axb5 37. axb5 Rc7 38. Nd6+ Kb8 39. Ne8 Re7
40. Nxf6 g4 41. hxg4 Re3+ 42. Kc4 Rxg3 43. gxh5 Kc8 44. Ne4 Rg4 45. Kd3 Rh4 46.
f6 Rh3+ 47. Kc4 Rh4 48. Kd4 Bf8 49. Rg5 Kd7 50. Rg8 Ke8 51. Rh8 Kf7 52. Kd5 Rh1
53. Ke5 Rb1 54. Ng5+ Ke8 55. Ne6 Rxb5+ 56. Kd4 Kf7 57. Nxf8 Kxf6 58. Rh7 a5 59.
Nd7+ 1-0

[Event "April Lviv Tradition (IM B-group)"]
[Site "Lviv"]
[Date "2016.04.29"]
[Round "8.3"]
[White "Vasina, Olena"]
[Black "Bogdanov, Egor"]
[Result "1/2-1/2"]
[WhiteElo "2080"]
[BlackElo "2302"]
[PlyCount "104"]
[EventDate "2016.04.25"]

1. c4 e5 2. Nc3 Nf6 3. e4 Nc6 4. d3 h6 5. g3 Bc5 6. Bg2 d6 7. h3 O-O 8. Nge2
Ne8 9. Be3 Bxe3 10. fxe3 a6 11. Qd2 Bd7 12. O-O Qg5 13. Nd5 Be6 14. Rac1 Bxd5
15. cxd5 Ne7 16. Kh2 f5 17. h4 Qg6 18. exf5 Nxf5 19. e4 Ne7 20. Rxf8+ Kxf8 21.
Bh3 Kg8 22. Qe3 Kh8 23. Qf3 Qf6 24. Qxf6 gxf6 25. Bd7 f5 26. Bxe8 Rxe8 27. Rxc7
fxe4 28. dxe4 Ng8 29. Rf7 Rc8 30. Nc3 b5 31. a3 Rc4 32. g4 b4 33. axb4 Rxb4 34.
Rf2 Kg7 35. g5 hxg5 36. hxg5 Ne7 37. Kg3 a5 38. Kg4 a4 39. Rh2 Rc4 40. Rh3 Ng6
41. Kf5 Nf4 42. Rh6 a3 43. bxa3 Rxc3 44. Rxd6 Rxa3 45. Kxe5 Ng6+ 46. Kd4 Ra4+
47. Ke3 Ra3+ 48. Kd4 Ra4+ 49. Ke3 Ra3+ 50. Kf2 Nf4 51. Rb6 Nh3+ 52. Ke2 Nxg5
1/2-1/2

[Event "April Lviv Tradition (IM B-group)"]
[Site "Lviv"]
[Date "2016.04.29"]
[Round "8.5"]
[White "Wisniewski, Michal"]
[Black "Rozycki, Bartlomiej"]
[Result "0-1"]
[WhiteElo "2236"]
[BlackElo "2135"]
[PlyCount "66"]
[EventDate "2016.??.??"]

1. e4 e6 2. d4 d5 3. Nc3 Bb4 4. exd5 exd5 5. Bd3 Nc6 6. a3 Bxc3+ 7. bxc3 Be6 8.
Rb1 b6 9. Qf3 Nge7 10. Ne2 Qd7 11. O-O Bf5 12. Bg5 O-O 13. Bxe7 Nxe7 14. Ng3
Bxd3 15. Qxd3 Qa4 16. Rb3 Nc6 17. Nf5 g6 18. Qg3 Na5 19. Rb4 Qd7 20. Ne3 Rae8
21. Qg5 f5 22. h4 c6 23. h5 Qe7 24. Qxe7 Rxe7 25. hxg6 hxg6 26. c4 f4 27. Ng4
Nxc4 28. Rxc4 dxc4 29. Ne5 Kg7 30. Nxc6 Re2 31. Rd1 Rxc2 32. d5 c3 33. Kf1 Rh8
0-1

[Event "April Lviv Tradition (IM B-group)"]
[Site "Lviv"]
[Date "2016.04.29"]
[Round "8.4"]
[White "Frolov, Artur"]
[Black "Osmak, Iulija"]
[Result "1-0"]
[WhiteElo "2458"]
[BlackElo "2351"]
[PlyCount "91"]
[EventDate "2016.??.??"]

1. e4 e6 2. d4 d5 3. Nd2 c5 4. exd5 Qxd5 5. Ngf3 cxd4 6. Bc4 Qd7 7. O-O Nf6 8.
Nb3 Nc6 9. Nbxd4 Nxd4 10. Nxd4 a6 11. Bg5 Be7 12. Re1 b5 13. Bb3 Bb7 14. c3 Bd5
15. Nf5 Bxb3 16. Nxg7+ Kf8 17. Qxd7 Nxd7 18. Bxe7+ Kxe7 19. axb3 Nc5 20. Nf5+
Kf6 21. Ng3 Rhd8 22. b4 Na4 23. Ne4+ Kg7 24. b3 Nb2 25. Kf1 Nd3 26. Re3 Nf4 27.
Rg3+ Kf8 28. Rf3 e5 29. Nc5 Rd6 30. Re1 Ng6 31. g3 Re8 32. h4 Kg7 33. Rd3 Rc6
34. Rd5 f6 35. Rd7+ Re7 36. Red1 Kf7 37. R7d6 Rec7 38. Rxc6 Rxc6 39. Rd7+ Ne7
40. Ra7 a5 41. Rxa5 Nd5 42. Rxb5 Nxc3 43. Rb7+ Kg6 44. Nd7 Ne4 45. g4 f5 46.
Nxe5+ 1-0

[Event "April Lviv Tradition (IM B-group)"]
[Site "Lviv"]
[Date "2016.04.30"]
[Round "9.4"]
[White "Rozycki, Bartlomiej"]
[Black "Frolov, Artur"]
[Result "1/2-1/2"]
[WhiteElo "2135"]
[BlackElo "2458"]
[PlyCount "24"]
[EventDate "2016.??.??"]

1. e4 e5 2. Nf3 Nc6 3. Bc4 Bc5 4. O-O d6 5. c3 Bg4 6. Qb3 Bxf3 7. Bxf7+ Kf8 8.
Bxg8 Rxg8 9. gxf3 Qf6 10. Qxb7 Qxf3 11. Qxa8+ Ke7 12. Qxg8 Qg4+ $11 1/2-1/2

[Event "April Lviv Tradition (IM B-group)"]
[Site "Lviv"]
[Date "2016.04.30"]
[Round "9.3"]
[White "Bogdanov, Egor"]
[Black "Wisniewski, Michal"]
[Result "1-0"]
[WhiteElo "2302"]
[BlackElo "2236"]
[PlyCount "87"]
[EventDate "2016.04.25"]

1. e4 c5 2. c3 d5 3. exd5 Qxd5 4. d4 Nc6 5. Nf3 Bf5 6. Be2 cxd4 7. cxd4 Bxb1 8.
Rxb1 e6 9. O-O Nf6 10. b4 Bd6 11. b5 Ne7 12. Nd2 Qxa2 13. Rb3 Qa5 14. b6 O-O
15. Rb5 Qa1 16. Nc4 Rfd8 17. Ra5 Qc3 18. Bb2 Qb4 19. Ba3 Qxa5 20. Nxa5 Bxa3 21.
Qb3 axb6 22. Nc4 Nf5 23. Rd1 Bf8 24. Qxb6 Nd5 25. Qb2 b5 26. Ne5 b4 27. Bf3 Nc3
28. Ra1 Rxa1+ 29. Qxa1 Rc8 30. Nc6 Nb5 31. Qa6 Nfd6 32. Qa4 Nxd4 33. Nxd4 Rc1+
34. Bd1 Nc4 35. Ne2 Rb1 36. Qc2 Na3 37. Qd3 b3 38. Nc3 Rc1 39. Na4 Rb1 40. Nc3
Rc1 41. Qd2 Nc4 42. Qxc1 b2 43. Qc2 Bb4 44. Nb1 1-0

[Event "April Lviv Tradition (IM B-group)"]
[Site "Lviv"]
[Date "2016.04.30"]
[Round "9.5"]
[White "Sliwicka, Alicja"]
[Black "Vasina, Olena"]
[Result "0-1"]
[WhiteElo "2084"]
[BlackElo "2080"]
[PlyCount "78"]
[EventDate "2016.??.??"]

1. e4 c5 2. Nf3 e6 3. d4 cxd4 4. Nxd4 a6 5. Bd3 Bc5 6. Nb3 Be7 7. O-O Qc7 8.
Qe2 d6 9. Nc3 Nf6 10. f4 Nbd7 11. Bd2 b5 12. a3 Bb7 13. Rae1 e5 14. Nd1 Rc8 15.
Nf2 O-O 16. Na5 Ba8 17. c4 Nc5 18. Rc1 Qb6 19. Kh1 Nxd3 20. Qxd3 exf4 21. b4
bxc4 22. Nxc4 Qb5 23. Bxf4 d5 24. exd5 Nxd5 25. Bg3 Bg5 26. Rc2 Rfd8 27. a4
Qxa4 28. Qf5 Ne7 29. Qxg5 Qxc2 30. Nd6 Qe2 31. Rg1 f6 32. Qf4 Rxd6 33. Qxd6 Nf5
34. Qf4 Ne3 35. Ne4 Nxg2 36. Qf5 Re8 37. Nxf6+ gxf6 38. Bh4 Qe5 39. Qf1 Kf7 0-1

[Event "April Lviv Tradition (IM B-group)"]
[Site "Lviv"]
[Date "2016.04.30"]
[Round "9.5"]
[White "Bunyatov, Rustam"]
[Black "Sevostianov, Pavel"]
[Result "1/2-1/2"]
[WhiteElo "2263"]
[BlackElo "2267"]
[PlyCount "50"]
[EventDate "2016.04.25"]

1. e4 c6 2. d4 d5 3. exd5 cxd5 4. Bd3 Nc6 5. c3 Qc7 6. Nd2 Nf6 7. Ne2 e5 8.
dxe5 Nxe5 9. Bc2 Bd6 10. Nf1 O-O 11. Ne3 Be6 12. O-O Rad8 13. Nd4 Bd7 14. Nef5
Ng6 15. Nxd6 Qxd6 16. h3 Rfe8 17. Bg5 Re5 18. Bxf6 Qxf6 19. Bxg6 Qxg6 20. Qf3
Rde8 21. Qg3 Qf6 22. Qf3 Qg6 23. Qg3 Qf6 24. Qf3 Qg6 25. Qg3 Qf6 $11 1/2-1/2